000 004280000a22001690004500
003 MACL
005 20150704133405.0
008 150704b xxu||||| |||| 00| 0 eng d
040 _aMACL
_cMACL
041 _aEnglish
082 _a320
100 _aWeekly, A Political
_9563
245 _aForward Blod
_bA Political Weekly
260 _bLokmat Prakashan
_aKolkata
_c1939
650 _aPolitical Science
_988
942 _cBK
_k320
_2ddc
999 _c8583
_d8583